The Changing environment of international relations

Gardado en:
Detalles Bibliográficos
Formato: Libro
Idioma:Undetermined
Publicado: Washington 1956
Những chủ đề:
Các nhãn: Engadir etiqueta
Sen Etiquetas, Sexa o primeiro en etiquetar este rexistro!
Thư viện lưu trữ: Trung tâm Học liệu Trường Đại học Cần Thơ
LEADER 00523nam a2200181Ia 4500
001 CTU_88341
008 210402s9999 xx 000 0 und d
082 |a 327 
082 |b C454 
245 4 |a The Changing environment of international relations 
245 0 |c Grayson Kirk... [et al.] 
260 |a Washington 
260 |c 1956 
650 |a International relations,United States 
650 |x Foreign relations 
650 |y 1945- 
904 |i Nguyên,Hải 
980 |a Trung tâm Học liệu Trường Đại học Cần Thơ